MARC

LEADER 00000nam0a2200000 4500
001 261227
005 20231101233539.0
010 |a 5343002560 
035 |a (RuTPU)RU\TPU\book\284203 
090 |a 261227 
100 |a 20140521d1988 k y0rusy50 ca 
101 0 |a rus 
102 |a BY 
105 |a a z 001zy 
200 1 |a Выбор параметров АЭС с быстрым реактором в системе ядерной энергетики  |f В. П. Бубнов, М. В. Курцман  |g Академия наук Белорусской ССР (АН БССР), Институт ядерной энергетики ; под ред. В. Б. Нестеренко 
210 |a Минск  |c Наука и техника  |d 1988 
215 |a 96 с.  |c ил. 
320 |a Библиогр.: с. 91-95. 
606 1 |a Атомные электрические станции  |x Ядерные реакторы на быстрых нейтронах  |2 stltpush  |3 (RuTPU)RU\TPU\subj\29785  |9 53047 
610 1 |a АЭС 
610 1 |a ядерная энергетика 
610 1 |a параметры 
610 1 |a оптимизационные задачи 
610 1 |a математические модели 
610 1 |a оптимизация 
610 1 |a оптимальные решения 
675 |a 621.311.25:621.039.52  |v 3 
700 1 |a Бубнов  |b В. П.  |g Владилен Павлович 
701 1 |a Курцман  |b М. В.  |g Михаил Вениаминович 
702 1 |a Нестеренко  |b В. Б.  |4 340 
712 0 2 |a Академия наук Белорусской ССР (АН БССР)  |b Институт ядерной энергетики  |2 stltpush  |3 (RuTPU)RU\TPU\col\10622 
801 1 |a RU  |b 63413507  |c 20140521 
801 2 |a RU  |b 63413507  |c 20140702  |g RCR 
942 |c BK